Responses for show #4206 - Monday, December 9, 2002

Contestants

Jennifer Pasche, a homemaker from McHenry, Illinois

Thom Morrissey, an account manager from Tustin, California

Ayesha Black, a student from Los Angeles, California (whose 1-day cash winnings total $12,200)

Jeopardy! Round responses

IT BORDERS BOTH
VETERINARY AFFAIRS
4-LETTER BANDS
COLLEGES & UNIVERSITIES
A DIRTY CATEGORY
GOOD BUY
    $200 6
Egypt

Jennifer
    $200 26
nose

Ayesha
    $200 1
Kiss

Ayesha
    $200 11
Alabama

Ayesha
    $200 21
slime

Thom
    $200 16
Wheel of Fortune

Ayesha
    $400 7
Latvia

Ayesha
    $400 27
hoof-and-mouth disease

Ayesha
    $400 2
INXS

Ayesha
    $400 12
Harvard

Thom
    $400 22
the bathwater

Jennifer
    $400 17
(Thom: What is Sweden?)
(Jennifer: What is Norway?)
(Ayesha: What is Finland?)

Denmark

AyeshaThomJennifer
Triple Stumper
    $600 8
(Jennifer: What is Austria?)

Germany

Jennifer
Triple Stumper
    $600 28
fin

Jennifer
    $600 3
Wham!

Ayesha
    $1,000 13
Brigham Young

Thom
    $600 23
slush

Ayesha
    $600 18
Providence, Rhode Island

Ayesha
    $800 9
Panama

Ayesha
    $800 29
isolate it

Thom
    $800 4
Devo

Ayesha
    $800 14
debate club

Ayesha
    $800 24
tarnish

Ayesha
    $800 19
P.T. Barnum

Ayesha
    $1000 10
(Ayesha: What is Italy?)

Andorra

Ayesha
Triple Stumper
    $1000 30
(Jennifer: What is HIV?)

FIV (Feline Immunodeficiency Virus)

Jennifer
Triple Stumper
    $1000 5
(Alex: Now the audience can applaud Ayesha!)

ABBA

Ayesha
    $1000 15
Poets

Triple Stumper
    $1000 25
(Alex: A minute to go now.)

gunk

Triple Stumper
    $1000 20
Alaska

Thom

Scores at the first commercial break (after clue 15):

Ayesha Thom Jennifer
$4,200 $1,400 -$400

Scores at the end of the Jeopardy! Round:

Ayesha Thom Jennifer
$7,400 $3,000 -$800

Double Jeopardy! Round responses

SHAKESPEARE'S EARLY DRAFTS
(Alex: We want you to name the play for us, if you will.)
CLASSIC FILMS
FAMOUS JOHNS
BRAND NAMES
OH, WHAT A YEAR!
TO A "T"
(Alex: Each correct response will end with a "T".)
    $400 7
Hamlet

Ayesha
    $400 2
(Ayesha: What is technicolor?)

CinemaScope

AyeshaThom
    $400 12
John McCain

Jennifer
    $400 21
1917

Thom
    $400 1
flat

Ayesha
    $800 8
(Alex: You notice that Shakespeare kind of cleaned it up & made it sound a lot better!)

Romeo and Juliet

Thom
    $800 3
Moulin Rouge

Ayesha
    $800 13
John Philip Sousa

Thom
    $800 27
1994

Jennifer
    $800 17
brunt/weight

Ayesha
    $1200 9
Henry V

Thom
    $1200 4
High Noon

Ayesha
    $1200 14
(Thom: Who is John Johnson?)

John L. Sullivan

Thom
Triple Stumper
    $1200 28
[buzzer sounds to end the round]

Chiclets

Triple Stumper
    $1200 24
(Alex: With less than a minute to go now.)

1972

Thom
    $1200 18
quotient

Ayesha
    $1600 10
The Merchant of Venice

Triple Stumper
    $4,000 5
Father of the Bride

Ayesha
    $1600 15
John Jakes

Jennifer
    $6,000 25
(Thom: What is Nestle?)

Godiva

Thom
    $1600 22
1937

Ayesha
    $1600 19
circumvent

Triple Stumper
    $2000 11
Twelfth Night

Triple Stumper
    $2000 6
The Greatest Show on Earth

Ayesha
    $2000 16
John Anderson

Thom
    $2000 26
Louisville Slugger

Triple Stumper
    $2000 23
1965

Triple Stumper
    $2000 20
a heartbeat

Triple Stumper

Scores at the end of the Double Jeopardy! Round:

Ayesha Thom Jennifer
$19,400 $2,600 $2,000
(lock game)

[wagering suggestions for these scores]

Final Jeopardy! Round responses

WORDS
JenniferWhat is Alas?
$2,000
ThomWhat is [SOS] Alas
$1,401
AyeshaWhat is Mayday
$600
Mayday

Final scores:

Ayesha Thom Jennifer
$20,000 $1,199 $0
2-day champion: $32,200 2nd place: $2,000 3rd place: $1,000

Game dynamics:

Coryat scores:

Ayesha Thom Jennifer
$17,000 $8,200 $2,000
25 R
(including 1 DD),
3 W
12 R
(including 1 DD),
3 W
(including 1 DD)
6 R,
3 W

Combined Coryat: $27,200

The J! Archive is created by fans, for fans. The Jeopardy! game show and all elements thereof, including but not limited to copyright and trademark thereto, are the property of Jeopardy Productions, Inc. and are protected under law. This website is not affiliated with, sponsored by, or operated by Jeopardy Productions, Inc. Join the discussion at JBoard.tv.